000 00627nam a22002055b 4500
001 bimo0000271961
003 OSt
005 20180321130803.0
008 921118s1992 sp | |||| ||spa
020 _a84-315-1097-9
040 _cCRI
_aBMC
082 _a613.71 CAR cul
100 1 _aCarmagnini,Mila
_940360
245 1 3 _aCulturismo femenino
_cCarmagnini,Mila
_b: curso completo de body building ilustrado
260 _aBarcelona
_bDe Vecchi
_c1995
300 _a158 p.
_bil. col. y n.
_c23 cm
504 _aBibliografĂ­a: p. 207-210
650 0 _aCaminar (Ejercicio fĂ­sico)
_918483
942 _2ddc
_cBK
_hprozim
999 _c26444
_d26444